| 000 | 00707cai a22001815a 4500 | ||
|---|---|---|---|
| 001 | L157878 | ||
| 008 | 130625u2013 xxk g 000 0 eng d | ||
| 035 | _a(Sirsi) u157878 | ||
| 041 | 0 | _aeng | |
| 100 | _aLane, Thomas | ||
| 245 | 0 | 0 | _aBuilding regulations to be integrated into BIM |
| 260 |
_aBuilding _c2013 |
||
| 520 | _aWorking group looks at ways to integrate regulations, planning and health and safety requirements into BIM models | ||
| 650 | 2 | 4 |
_aBIM _96219 |
| 690 |
_aBuilding Regulations _96224 |
||
| 856 | 4 | 0 |
_uhttps://www.building.co.uk/news/building-regulations-to-be-integrated-into-bim/5056505.article _zDownload the briefing note free of charge at www.cliffordchance.com |
| 942 |
_n0 _2ddc |
||
| 999 |
_c120995 _d120995 |
||